[Event "76th ch-UKR Final"]
[Site "Kharkiv UKR"]
[Date "2007.11.20"]
[Round "4"]
[White "Aveskulov, V."]
[Black "Miroshnichenko, E."]
[Result "1/2-1/2"]
[WhiteElo "2545"]
[BlackElo "2651"]
[PlyCount "128"]
[EventDate "2007.11.17"]
[Source "www.chesslib.no"]
[SourceDate "2004.05.04"]

1. e4 c5 2. Nf3 d6 3. d4 cxd4 4. Nxd4 Nf6 5. Nc3 Nc6 6. Bg5 e6 7. Qd2 Be7 8. O-O-O Nxd4 9. Qxd4 O-O 10. f4 Qa5 11. Bc4 Bd7 12. e5 dxe5 13. fxe5 Bc6 14. Bd2 Nd7 15. Nd5 Qc5 16. Nxe7+ Qxe7 17. Rhe1 Nb6 18. Bf1 Rfd8 19. Qf4 Rac8 20. Bb4 Rxd1+ 21. Rxd1 Qe8 22. Qd4 Nd5 23. Bd6 Bb5 24. Qxa7 b6 25. Qb7 Bc6 26. Qa6 Ne3 27. Qxb6 Nxd1 28. Kxd1 f5 29. b3 Be4 30. c4 Qh5+ 31. Kd2 Qxh2 32. Qf2 Qh6+ 33. Kd1 Qh5+ 34. Kc1 Qg5+ 35. Kb2 f4 36. a4 h5 37. b4 h4 38. a5 Qg3 39. Qxg3 fxg3 40. Kc3 Kf7 41. b5 Ke8 42. a6 Ra8 43. c5 h3 44. gxh3 g2 45. Bxg2 Bxg2 46. Kb4 Kd7 47. Ka5 g6 48. Kb6 Rc8 49. a7 Bf3 50. h4 Rc6+ 51. bxc6+ Bxc6 52. Ka5 Ba8 53. Kb5 Bh1 54. Bf8 Ba8 55. Kb6 Bh1 56. Bh6 Ba8 57. Bd2 Bh1 58. Ba5 Ba8 59. Kb5 Bh1 60. Kc4 Ba8 61. Kd4 Bh1 62. Ke3 Ba8 63. Kf4 Ke8 64. Kg5 Kf7 1/2-1/2

[Event "Leon"]
[Site "?"]
[Date "1994.??.??"]
[Round "?"]
[White "Beliavsky, A."]
[Black "Leko, P."]
[Result "1-0"]
[WhiteElo "2650"]
[BlackElo "2545"]
[PlyCount "81"]
[EventDate "1994.??.??"]
[Source "ChessBase"]
[SourceDate "1994.02.01"]

1. e4 c5 2. Nf3 d6 3. d4 cxd4 4. Nxd4 Nf6 5. Nc3 Nc6 6. Bg5 e6 7. Qd2 Be7 8. O-O-O Nxd4 9. Qxd4 O-O 10. f4 Qa5 11. Bc4 Bd7 12. e5 dxe5 13. fxe5 Bc6 14. Bd2 Nd7 15. Nd5 Qd8 16. Nxe7+ Qxe7 17. Rhe1 Rfd8 18. Bf1 Nf8 19. Qe3 a6 20. g3 Rac8 21. Kb1 Ng6 22. Ba5 Rd5 23. Rxd5 Bxd5 24. b3 h6 25. Bd3 Qa3 26. Bd2 Qe7 27. h4 Qc5 28. Qe2 Rd8 29. h5 Ne7 30. g4 Bc6 31. g5 Bb5 32. c4 Qd4 33. Kc2 Bc6 34. gxh6 Nf5 35. hxg7 Qh4 36. Bc3 Qh3 37. Bxf5 Qxf5+ 38. Kb2 Rd3 39. h6 Rg3 40. Rd1 Qg5 41. Bd2 1-0

[Event "ARM-ch 63rd"]
[Site "Yerevan"]
[Date "2003.09.20"]
[Round "5"]
[White "Asrian, Karen"]
[Black "Anastasian, Ashot"]
[Result "0-1"]
[WhiteElo "2601"]
[BlackElo "2593"]
[PlyCount "110"]
[EventDate "2003.09.16"]
[Source "ChessBase"]
[SourceDate "2003.10.22"]

1. e4 c5 2. Nf3 d6 3. d4 cxd4 4. Nxd4 Nf6 5. Nc3 Nc6 6. Bg5 e6 7. Qd2 Be7 8. O-O-O Nxd4 9. Qxd4 O-O 10. f4 a6 11. Bc4 b5 12. Bb3 Bb7 13. Rhe1 Rb8 14. a3 Qc7 15. f5 h6 16. Bh4 e5 17. Qd3 Rfd8 18. Kb1 Ne8 19. Bf2 Nf6 20. Bh4 Ne8 21. g3 Bf6 22. Bxf6 Nxf6 23. g4 b4 24. axb4 Bc6 25. h4 Nxg4 26. h5 Nf6 27. Rg1 Kh7 28. Qc4 Rb7 29. Rd2 Qd7 30. Rdg2 Rg8 31. Qxa6 Bxe4 32. Nxe4 Nxe4 33. Bd5 Rxb4 34. Bxe4 Rxe4 35. f6 g5 36. hxg6+ fxg6 37. Qd3 Rd4 38. Qe3 Rf4 39. Rf2 Rxf2 40. Qxf2 Rf8 41. Rh1 h5 42. Qf3 Qf7 43. Qe4 Kh6 44. Rf1 Qe6 45. Qe3+ g5 46. Qf3 e4 47. Qc3 e3 48. f7 Qe5 49. Qc4 Kg7 50. Qe2 g4 51. b4 Rxf7 52. Rxf7+ Kxf7 53. b5 Qc3 54. Qf1+ Kg6 55. Qf4 Qe5 0-1

[Event "TCh-AUT 1st Bundesliga 2007-8"]
[Site "Baden AUT"]
[Date "2007.11.30"]
[Round "1"]
[White "Naumann, A."]
[Black "Baklan, V."]
[Result "1/2-1/2"]
[WhiteElo "2548"]
[BlackElo "2639"]
[PlyCount "43"]
[EventDate "2007.11.30"]
[Source "www.chesslib.no"]
[SourceDate "2004.05.04"]

1. e4 c5 2. Nf3 d6 3. d4 cxd4 4. Nxd4 Nf6 5. Nc3 Nc6 6. Bg5 e6 7. Qd2 Be7 8. O-O-O Nxd4 9. Qxd4 O-O 10. f4 Qa5 11. Bc4 Bd7 12. e5 dxe5 13. Qxe5 Qb6 14. f5 Ng4 15. Qf4 Bxg5 16. Qxg5 Nf6 17. fxe6 Bxe6 18. Bxe6 Qxe6 19. Rhe1 Qb6 20. Qb5 Qc7 21. Qe5 Rfc8 22. Qxc7 1/2-1/2

[Event "TCh-BIH Prem"]
[Site "?"]
[Date "2005.06.07"]
[Round "4"]
[White "Movsesian Sergei"]
[Black "Lugovoi Aleksei"]
[Result "1/2-1/2"]
[WhiteElo "2628"]
[BlackElo "2557"]
[PlyCount "35"]
[EventDate "2005.??.??"]
[Source "www.chesslib.no"]
[SourceDate "2004.05.04"]

1. e4 c5 2. Nc3 e6 3. Nf3 Nf6 4. d4 cxd4 5. Nxd4 Nc6 6. Bg5 d6 7. Qd2 Be7 8. O-O-O O-O 9. f4 Nxd4 10. Qxd4 Qa5 11. Kb1 h6 12. Bh4 e5 13. Qd2 Nxe4 14. Nxe4 Qxd2 15. Rxd2 Bxh4 16. g3 Be7 17. Nxd6 exf4 18. Nxc8 1/2-1/2

[Event "It (Open) Dos Hermanas ESP"]
[Site "?"]
[Date "2006.03.25"]
[Round "3"]
[White "Savchenko Boris"]
[Black "Jobava Baadur"]
[Result "0-1"]
[WhiteElo "2569"]
[BlackElo "2614"]
[PlyCount "92"]
[EventDate "2006.??.??"]
[Source "www.chesslib.no"]
[SourceDate "2004.05.04"]

1. e4 c5 2. Nf3 d6 3. d4 cxd4 4. Nxd4 Nf6 5. Nc3 Nc6 6. Bg5 e6 7. Qd2 Be7 8. O-O-O Nxd4 9. Qxd4 O-O 10. f4 Qa5 11. Bc4 Rd8 12. Rhe1 b5 13. Bxb5 Rb8 14. Bc4 Ba6 15. Bb3 Rb4 16. Qd2 h6 17. Bh4 Nxe4 18. Nxe4 Bxh4 19. g3 Be7 20. Kb1 d5 21. Nf2 Qb6 22. Nd3 Bxd3 23. Qxd3 Bf6 24. c3 Re4 25. Rxe4 dxe4 26. Qxe4 Rxd1+ 27. Bxd1 Bxc3 28. Bb3 Bf6 29. Qg2 Qd4 30. a3 g5 31. fxg5 hxg5 32. h3 Kg7 33. Ka2 Be5 34. g4 Bf6 35. Qe2 a5 36. Bc4 Qe5 37. Qc2 Qd4 38. Kb3 Qb6+ 39. Ka2 Qe3 40. Qg2 Qd4 41. Bb3 a4 42. Qc2 axb3+ 43. Qxb3 e5 44. Qc2 e4 45. Qe2 e3 46. Kb1 Qxb2+ 0-1